000 00695nam a2200289Ia 4500
005 20260324131736.0
008 008 260324s9999 xx 000 0 eng d
020 _a9780203002087
037 _aEBOOK
040 _aCRL
040 _beng
040 _cCRL
041 _2eng
041 _aeng
084 _qCRL
100 _aJonathan D. Smele; Anthony J. Heywood
_91186657
245 4 _aThe Russian Revolution of 1905
245 0 _bCentenary Perspectives
260 _bTaylor and Francis
260 _c2005
365 _a
365 _b230
856 _uhttp://www.taylorfrancis.com/books/9780203002087
942 _cEBOOK
999 _c1784112
_d1784112